Poisťovne majú v transparentnosti čo doháňať
Klient, ktorý má peniaze v banke vie presne z výpisov a bankových cenníkov vyčítať, koľko ho bankové služby stoja. Pri životnom poistení to tak nie je - neprehľadnosť a netransparentnosť v poplatkoch, ktoré poisťovne klientom účtujú. Sporenie prostredníctvom životnej poistky je v porovnaní s investo...
Gespeichert in:
| 1. Verfasser: | |
|---|---|
| Weitere Verfasser: | |
| Format: | Buchkapitel |
| Sprache: | Slowakisch |
| Schlagworte: | |
| Tags: |
Keine Tags, Fügen Sie das erste Tag hinzu!
|
MARC
| LEADER | 00000naa$a2200000$$$4500 | ||
|---|---|---|---|
| 001 | 0049689 | ||
| 005 | 20231009084416.1 | ||
| 041 | 0 | |a slo | |
| 044 | |a SK | ||
| 245 | 1 | 0 | |a Poisťovne majú v transparentnosti čo doháňať |c Jana Brondošová, Ján Záborský |
| 520 | |a Klient, ktorý má peniaze v banke vie presne z výpisov a bankových cenníkov vyčítať, koľko ho bankové služby stoja. Pri životnom poistení to tak nie je - neprehľadnosť a netransparentnosť v poplatkoch, ktoré poisťovne klientom účtujú. Sporenie prostredníctvom životnej poistky je v porovnaní s investovaním priamo prostredníctvom podielového fondu drahšie. Poplatky za investovanie sú často skryté a vysoké. Konkurencia si malú transparentnosť životného poistenia všíma. | ||
| 610 | 2 | 0 | |a investovanie |
| 610 | 2 | 0 | |a banky |
| 610 | 2 | 0 | |a poisťovne |
| 610 | 2 | 0 | |a fondy podielové |
| 610 | 2 | 0 | |a poistenie životné |
| 610 | 2 | 0 | |a klienti |
| 610 | 2 | 0 | |a poplatky |
| 610 | 2 | 0 | |a cenníky |
| 100 | 1 | |a Brondošová, Jana | |
| 700 | 1 | |a Záborský, Ján | |